000 00787nam a22002657a 4500
001 32409
003 UA-OsUOA
005 20260401105024.0
007 ta
008 20050201b un ||||| |||| 00| 0 ukr d
020 _a5771505706
040 _aUA-OsUOA
_bukr
_cUA-OsUOA
_dUA-OsUOA
041 _aukr
044 _aUA
080 _a94(477).044.1
090 _a94(477).044.1
_bМ13
245 _aМазепа
_bзбірник
_cупоряд. Ю. І. Іванченко
260 _aКиїв
_bМистецтво
_c1993
300 _a240 с.
_bіл.
650 7 _2UDC
_a94(477) Історія України
_940
700 1 _aІванченко Ю. І.
_eупоряд.
_924279
942 _cBK
_2udc
955 _a1
999 _c318852
_d318852